[Event "Stay Safe Play From Home 176"]
[Site "T#646357Emanuel Laske"]
[Date "2020.05.26"]
[Round "1"]
[White "Praveen prasad"]
[Black "Mest"]
[Result "0-1"]
[WhiteElo "2289"]
[BlackElo "1656"]
[Annotator "RC"]
[PlyCount "106"]
[EventDate "2020.05.26"]
[EventType "swiss (blitz)"]

1. e4 {[%emt 0:00:03]} d5 {[%emt 0:00:00]} 2. exd5 {[%emt 0:00:01]} Qxd5 {[%emt 0:00:00]} 3. Nc3 {[%emt 0:00:05]} Qd8 {[%emt 0:00:00]} 4. Nf3 {[%emt 0:00:03]} Nf6 {[%emt 0:00:00]} 5. Bc4 {[%emt 0:00:01]} g6 {[%emt 0:00:00]} 6. h3 {[%emt 0:00:00]} Bg7 {[%emt 0:00:00]} 7. O-O {[%emt 0:00:00]} O-O {[%emt 0:00:00]} 8. d4 {[%emt 0:00:01]} Nc6 {[%emt 0:00:01]} 9. Re1 {[%emt 0:00:00]} Na5 {[%emt 0:00:01]} 10. Bb3 {[%emt 0:00:01]} Nxb3 {[%emt 0:00:01]} 11. axb3 {[%emt 0:00:00]} e6 {[%emt 0:00:01]} 12. Bf4 {[%emt 0:00:01]} b6 {[%emt 0:00:01]} 13. Bh2 {[%emt 0:00:01]} a6 {[%emt 0:00:01]} 14. Qd3 {[%emt 0:00:01]} Bb7 {[%emt 0:00:00]} 15. Ng5 {[%emt 0:00:01]} Nd5 {[%emt 0:00:02]} 16. Nxd5 {[%emt 0:00:02]} Qxg5 {[%emt 0:00:03]} 17. Ne3 {[%emt 0:00:05]} c5 {[%emt 0:00:06]} 18. f4 {[%emt 0:00:03]} Qd8 {[%emt 0:00:03]} 19. dxc5 {[%emt 0:00:01]} Qxd3 {[%emt 0:00:02]} 20. cxd3 {[%emt 0:00:00]} Bxb2 {[%emt 0:00:02]} 21. Ra2 {[%emt 0:00:04]} Bc3 {[%emt 0:00:01]} 22. Rc1 {[%emt 0:00:02]} Bd4 {[%emt 0:00:01]} 23. Kf2 {[%emt 0:00:01]} Bxc5 {[%emt 0:00:01]} 24. g3 {[%emt 0:00:01]} Rac8 {[%emt 0:00:01]} 25. Ke2 {[%emt 0:00:01]} Rfd8 {[%emt 0:00:01]} 26. Bg1 {[%emt 0:00:01]} Bxe3 {[%emt 0:00:01]} 27. Bxe3 {[%emt 0:00:00]} Rc2+ {[%emt 0:00:02]} 28. Rcxc2 {[%emt 0:00:02]} b5 {[%emt 0:00:02]} 29. Rc7 {[%emt 0:00:02]} Bd5 {[%emt 0:00:01]} 30. Rxa6 {[%emt 0:00:02]} Bxb3 {[%emt 0:00:02]} 31. Raa7 {[%emt 0:00:02]} e5 {[%emt 0:00:03]} 32. fxe5 {[%emt 0:00:01]} Be6 {[%emt 0:00:01]} 33. h4 {[%emt 0:00:02]} b4 {[%emt 0:00:01]} 34. d4 {[%emt 0:00:01]} b3 {[%emt 0:00:01]} 35. Rab7 {[%emt 0:00:01]} Kg7 {[%emt 0:00:01]} 36. Kd2 {[%emt 0:00:00]} Ra8 {[%emt 0:00:00]} 37. Kc3 {[%emt 0:00:00]} Ra2 {[%emt 0:00:01]} 38. Bg5 {[%emt 0:00:01]} Rc2+ {[%emt 0:00:01]} 39. Kd3 {[%emt 0:00:00]} Rg2 {[%emt 0:00:01]} 40. Bf6+ {[%emt 0:00:00]} Kh6 {[%emt 0:00:01]} 41. Bg5+ {[%emt 0:00:00]} Kh5 {[%emt 0:00:01]} 42. Rxf7 {[%emt 0:00:01]} Rxg3+ {[%emt 0:00:00]} 43. Kd2 {[%emt 0:00:01]} Kg4 {[%emt 0:00:00]} 44. Kc1 {[%emt 0:00:00]} Bf5 {[%emt 0:00:01]} 45. Rxf5 {[%emt 0:00:01]} Rc3+ {[%emt 0:00:01]} 46. Kb2 {[%emt 0:00:00]} Rc2+ {[%emt 0:00:01]} 47. Kxb3 {[%emt 0:00:00]} Rb2+ {[%emt 0:00:00]} 48. Kxb2 {[%emt 0:00:01]} Kxf5 {[%emt 0:00:00]} 49. e6 {[%emt 0:00:00]} Kxe6 {[%emt 0:00:00]} 50. d5+ {[%emt 0:00:00]} Kxd5 {[%emt 0:00:00]} 51. Rxh7 {[%emt 0:00:00]} Ke4 {[%emt 0:00:01]} 52. Rh6 {[%emt 0:00:00]} Kf5 {[%emt 0:00:00]} 53. h5 {[%emt 0:00:00]} gxh5 {[%emt 0:00:01]} 0-1

[Event "Stay Safe Play From Home 176"]
[Site "T#646357Emanuel Laske"]
[Date "2020.05.26"]
[Round "1"]
[White "Lazieri3"]
[Black "Trotsky"]
[Result "0-1"]
[WhiteElo "2088"]
[BlackElo "1537"]
[Annotator "NA RC"]
[PlyCount "42"]
[EventDate "2020.05.26"]
[EventType "swiss (blitz)"]

1. e4 {[%emt 0:00:04]} c5 {[%emt 0:00:01]} 2. Nc3 {[%emt 0:00:00]} e6 {[%emt 0:00:00]} 3. d3 {[%emt 0:00:00]} d6 {[%emt 0:00:01]} 4. Nf3 {[%emt 0:00:00]} Nc6 {[%emt 0:00:01]} 5. Bg5 {[%emt 0:00:00]} Nf6 {[%emt 0:00:03]} 6. Be2 {[%emt 0:00:02]} Be7 {[%emt 0:00:01]} 7. h3 {[%emt 0:00:01]} a6 {[%emt 0:00:04]} 8. O-O {[%emt 0:00:01]} Qc7 {[%emt 0:00:01]} 9. a3 {[%emt 0:00:01]} b5 {[%emt 0:00:01]} 10. Nh2 {[%emt 0:00:01]} Bb7 {[%emt 0:00:01]} 11. f4 {[%emt 0:00:01]} Rd8 {[%emt 0:00:01]} 12. f5 {[%emt 0:00:01]} O-O {[%emt 0:00:01]} 13. Qd2 {[%emt 0:00:02]} Kh8 {[%emt 0:00:01]} 14. fxe6 {[%emt 0:00:01]} fxe6 {[%emt 0:00:04]} 15. Ng4 {[%emt 0:00:01]} Ne5 {[%emt 0:00:05]} 16. Nxe5 {[%emt 0:00:02]} dxe5 {[%emt 0:00:02]} 17. Bg4 {[%emt 0:00:04]} Qc6 {[%emt 0:00:02]} 18. Ne2 {[%emt 0:00:02]} Nxe4 {[%emt 0:00:04]} 19. Bxe7 {[%emt 0:00:10]} Nxd2 {[%emt 0:00:06]} 20. Rxf8+ {[%emt 0:00:02]} Rxf8 {[%emt 0:00:02]} 21. Bxf8 {[%emt 0:00:00]} Qxg2# {[%emt 0:00:02] (Lag: Av=0.41s, max=0.7s)} 0-1

[Event "Stay Safe Play From Home 176"]
[Site "T#646357Emanuel Laske"]
[Date "2020.05.26"]
[Round "1"]
[White "Fischer_11"]
[Black "Mepe_Nika"]
[Result "1/2-1/2"]
[WhiteElo "1906"]
[BlackElo "2261"]
[Annotator "NA"]
[PlyCount "159"]
[EventDate "2020.05.26"]
[EventType "swiss (blitz)"]

1. e4 {[%emt 0:00:01]} e5 {[%emt 0:00:01]} 2. Nc3 {[%emt 0:00:01]} Nf6 {[%emt 0:00:01]} 3. Bc4 {[%emt 0:00:00]} Bc5 {[%emt 0:00:01]} 4. d3 {[%emt 0:00:00]} Nc6 {[%emt 0:00:01]} 5. f4 {[%emt 0:00:00]} d6 {[%emt 0:00:01]} 6. Nf3 {[%emt 0:00:00]} exf4 {[%emt 0:00:01]} 7. Bxf4 {[%emt 0:00:01]} O-O {[%emt 0:00:01]} 8. Na4 {[%emt 0:00:01]} Nd4 {[%emt 0:00:01]} 9. Nxc5 {[%emt 0:00:02]} dxc5 {[%emt 0:00:01]} 10. c3 {[%emt 0:00:00]} Nxf3+ {[%emt 0:00:01]} 11. Qxf3 {[%emt 0:00:00]} c6 {[%emt 0:00:01]} 12. Bg5 {[%emt 0:00:00]} b5 {[%emt 0:00:01]} 13. Bxf6 {[%emt 0:00:01]} Qxf6 {[%emt 0:00:02]} 14. Qxf6 {[%emt 0:00:01]} gxf6 {[%emt 0:00:00]} 15. Bb3 {[%emt 0:00:00]} a5 {[%emt 0:00:00]} 16. O-O {[%emt 0:00:01]} Kg7 {[%emt 0:00:01]} 17. Bc2 {[%emt 0:00:04]} Be6 {[%emt 0:00:02]} 18. d4 {[%emt 0:00:01]} cxd4 {[%emt 0:00:02]} 19. cxd4 {[%emt 0:00:00]} Rad8 {[%emt 0:00:01]} 20. Rad1 {[%emt 0:00:01]} Bxa2 {[%emt 0:00:02]} 21. b3 {[%emt 0:00:02]} a4 {[%emt 0:00:01]} 22. bxa4 {[%emt 0:00:01]} b4 {[%emt 0:00:01]} 23. Rf3 {[%emt 0:00:09]} Rb8 {[%emt 0:00:05]} 24. Bb3 {[%emt 0:00:01]} Bxb3 {[%emt 0:00:03]} 25. Rxb3 {[%emt 0:00:00]} Rfe8 {[%emt 0:00:01]} 26. Rdb1 {[%emt 0:00:03]} Rxe4 {[%emt 0:00:01]} 27. Rxb4 {[%emt 0:00:00]} Rxb4 {[%emt 0:00:02]} 28. Rxb4 {[%emt 0:00:00]} c5 {[%emt 0:00:00]} 29. Rc4 {[%emt 0:00:03]} cxd4 {[%emt 0:00:02]} 30. Kf2 {[%emt 0:00:01]} f5 {[%emt 0:00:03]} 31. a5 {[%emt 0:00:01]} Re5 {[%emt 0:00:03]} 32. a6 {[%emt 0:00:00]} Ra5 {[%emt 0:00:01]} 33. Rxd4 {[%emt 0:00:01]} Rxa6 {[%emt 0:00:01]} 34. h3 {[%emt 0:00:00]} Kg6 {[%emt 0:00:01]} 35. Kg3 {[%emt 0:00:01]} h5 {[%emt 0:00:01]} 36. Rf4 {[%emt 0:00:01]} f6 {[%emt 0:00:01]} 37. Kh2 {[%emt 0:00:01]} Ra3 {[%emt 0:00:01]} 38. Rb4 {[%emt 0:00:01]} Re3 {[%emt 0:00:01]} 39. Rc4 {[%emt 0:00:01]} Re4 {[%emt 0:00:01]} 40. Rc5 {[%emt 0:00:00]} f4 {[%emt 0:00:01]} 41. Rc8 {[%emt 0:00:00]} Re5 {[%emt 0:00:01]} 42. Rg8+ {[%emt 0:00:00]} Kf5 {[%emt 0:00:00]} 43. Rh8 {[%emt 0:00:01]} Ke4 {[%emt 0:00:01]} 44. Rg8 {[%emt 0:00:01]} Ke3 {[%emt 0:00:01]} 45. Rf8 {[%emt 0:00:01]} Rf5 {[%emt 0:00:01]} 46. Rh8 {[%emt 0:00:01]} f3 {[%emt 0:00:01]} 47. gxf3 {[%emt 0:00:01]} Kxf3 {[%emt 0:00:00]} 48. Rg8 {[%emt 0:00:01]} Kf4 {[%emt 0:00:00]} 49. Re8 {[%emt 0:00:01]} Kg5 {[%emt 0:00:01]} 50. Rb8 {[%emt 0:00:00]} Kh6 {[%emt 0:00:00]} 51. Rb3 {[%emt 0:00:01]} Kg6 {[%emt 0:00:00]} 52. Rg3+ {[%emt 0:00:00]} Rg5 {[%emt 0:00:00]} 53. Re3 {[%emt 0:00:00]} Kh6 {[%emt 0:00:00]} 54. h4 {[%emt 0:00:01]} Rg4 {[%emt 0:00:01]} 55. Rh3 {[%emt 0:00:01]} Kg6 {[%emt 0:00:00]} 56. Rg3 {[%emt 0:00:01]} Kf5 {[%emt 0:00:02]} 57. Rf3+ {[%emt 0:00:00]} Kg6 {[%emt 0:00:00]} 58. Re3 {[%emt 0:00:00]} Rxh4+ {[%emt 0:00:01]} 59. Kg3 {[%emt 0:00:01]} Rg4+ {[%emt 0:00:00]} 60. Kf3 {[%emt 0:00:00]} Rg5 {[%emt 0:00:00]} 61. Ke4 {[%emt 0:00:00]} Rf5 {[%emt 0:00:00]} 62. Kd3 {[%emt 0:00:00]} Rg5 {[%emt 0:00:00]} 63. Re2 {[%emt 0:00:00]} Re5 {[%emt 0:00:00]} 64. Re3 {[%emt 0:00:00]} Rxe3+ {[%emt 0:00:01]} 65. Kxe3 {[%emt 0:00:00]} Kg5 {[%emt 0:00:00]} 66. Kf3 {[%emt 0:00:00]} f5 {[%emt 0:00:00]} 67. Kg2 {[%emt 0:00:00]} f4 {[%emt 0:00:00]} 68. Kh1 {[%emt 0:00:00]} Kf5 {[%emt 0:00:00]} 69. Kg1 {[%emt 0:00:00]} Kg4 {[%emt 0:00:00]} 70. Kh1 {[%emt 0:00:00]} f3 {[%emt 0:00:00]} 71. Kg1 {[%emt 0:00:00]} h4 {[%emt 0:00:00]} 72. Kf1 {[%emt 0:00:00]} Kf4 {[%emt 0:00:00]} 73. Kg1 {[%emt 0:00:00]} Kg3 {[%emt 0:00:00]} 74. Kh1 {[%emt 0:00:00]} h3 {[%emt 0:00:00]} 75. Kg1 {[%emt 0:00:00]} h2+ {[%emt 0:00:00]} 76. Kh1 {[%emt 0:00:00]} Kg4 {[%emt 0:00:00]} 77. Kxh2 {[%emt 0:00:01]} Kf4 {[%emt 0:00:00]} 78. Kg1 {[%emt 0:00:00]} Ke3 {[%emt 0:00:00]} 79. Kf1 {[%emt 0:00:00]} f2 {[%emt 0:00:00]} 80. Kg2 {[%emt 0:00:01]} 1/2-1/2

[Event "Stay Safe Play From Home 176"]
[Site "T#646357Emanuel Laske"]
[Date "2020.05.26"]
[Round "1"]
[White "matanant"]
[Black "SoulofWolf"]
[Result "0-1"]
[WhiteElo "1687"]
[BlackElo "2210"]
[Annotator "RC"]
[PlyCount "48"]
[EventDate "2020.05.26"]
[EventType "swiss (blitz)"]

1. e4 {[%emt 0:00:11]} d5 {[%emt 0:00:00]} 2. exd5 {[%emt 0:00:02]} Nf6 {[%emt 0:00:01]} 3. c4 {[%emt 0:00:02]} g6 {[%emt 0:00:00]} 4. Nc3 {[%emt 0:00:02]} c6 {[%emt 0:00:00]} 5. dxc6 {[%emt 0:00:02]} Nxc6 {[%emt 0:00:00]} 6. Nf3 {[%emt 0:00:01]} Bg7 {[%emt 0:00:00]} 7. Be2 {[%emt 0:00:02]} O-O {[%emt 0:00:00]} 8. O-O {[%emt 0:00:01]} h6 {[%emt 0:00:01]} 9. d4 {[%emt 0:00:01]} Bg4 {[%emt 0:00:01]} 10. d5 {[%emt 0:00:01]} Nb4 {[%emt 0:00:03]} 11. a3 {[%emt 0:00:02]} Na6 {[%emt 0:00:01]} 12. b4 {[%emt 0:00:02]} Rc8 {[%emt 0:00:01]} 13. Nd2 {[%emt 0:00:05]} Bf5 {[%emt 0:00:03]} 14. c5 {[%emt 0:00:04]} Nh7 {[%emt 0:00:02]} 15. Bxa6 {[%emt 0:00:02]} bxa6 {[%emt 0:00:01]} 16. Bb2 {[%emt 0:00:03]} Bxc3 {[%emt 0:00:02]} 17. Bxc3 {[%emt 0:00:02]} Qxd5 {[%emt 0:00:00]} 18. Qb3 {[%emt 0:00:02]} Qb7 {[%emt 0:00:05]} 19. Bb2 {[%emt 0:00:02]} Rfd8 {[%emt 0:00:02]} 20. Qc3 {[%emt 0:00:01]} f6 {[%emt 0:00:01]} 21. Nf3 {[%emt 0:00:02]} Rd3 {[%emt 0:00:02]} 22. Qc1 {[%emt 0:00:02]} Rcd8 {[%emt 0:00:01]} 23. Qxh6 {[%emt 0:00:02]} Rxf3 {[%emt 0:00:06]} 24. gxf3 {[%emt 0:00:02]} Qxf3 {[%emt 0:00:00] Time (Lag: Av=0.62s, max=1.2s)} 0-1

[Event "Stay Safe Play From Home 176"]
[Site "T#646357Emanuel Laske"]
[Date "2020.05.26"]
[Round "2"]
[White "Mepe_Nika"]
[Black "Tunca"]
[Result "1-0"]
[WhiteElo "2247"]
[BlackElo "1851"]
[Annotator "TA"]
[PlyCount "95"]
[EventDate "2020.05.26"]
[EventType "swiss (blitz)"]

{[%evp 9,95,35,29,27,55,46,105,13,57,29,99,106,165,0,0,0,0,0,75,83,81,90,113,104,205,173,676,675,897,942,951,879,778,794,787,790,1594,1472,29986,29987,29991,29989,29989,29990,29992,29986,29996,1453,1895,1767,1341,881,935,935,927,925,1011,997,1302,1252,1011,1011,1011,993,993,993,2506,2718,29973,29974,29974,29975,29976,29977,29980,29978,29978,29978,29981,29982,29983,29983,29985,29986,29990,29991,29995,29994]} 1. d4 d6 2. e4 g6 3. Nc3 Bg7 4. h4 Nf6 5. Be3 h5 6. f3 {B06: Modern Defence.} Nbd7 7. Qd2 c5 {[#]} (7... c6 $14) 8. Nge2 $146 ({White should play} 8. dxc5 $16 dxc5 9. O-O-O) ({Predecessor:} 8. dxc5 dxc5 9. Bc4 a6 10. a4 Qb6 11. a5 Qc7 12. Bf4 e5 13. Be3 O-O 14. Nd5 Nxd5 15. Bxd5 {1-0 (30) Reyhani,A (1918)-Tauber,A (1972) Playchess.com INT 2020}) 8... Qa5 9. O-O-O O-O (9... cxd4 $11 10. Nxd4 a6) 10. Kb1 $16 b5 (10... Rd8 $16 {was worth a try.}) 11. Bh6 $2 ({White has to play} 11. Nd5 $18 Qxd2 12. Nxe7+ Kh7 13. Rxd2 (13. Bxd2 Bb7 $16)) 11... b4 $11 12. Nd5 Nxd5 13. exd5 Bb7 (13... c4 $1 $11 {remains equal.}) 14. Bxg7 $16 {Black is now going downhill.} Kxg7 {[#]} 15. Nf4 $1 {[%cal Rf4h5]} Nf6 16. Bc4 Qb6 {[#]} (16... Rae8 $16 {keeps fighting.}) 17. g4 $1 {[%mdl 512] Black must now prevent gxh5.} a5 $2 (17... Rh8) (17... hxg4 18. h5) 18. gxh5 $18 Rg8 19. hxg6 fxg6 20. Rhg1 Kf7 {[#]} 21. h5 $1 {[%mdl 512]} g5 (21... Nxh5 22. Nxh5) 22. Ne6 Nxh5 23. Rxg5 Rxg5 24. Qxg5 Ke8 25. Qxh5+ Kd7 26. dxc5 dxc5 27. Qg4 Qd6 28. Nxc5+ (28. Bb5+ $142 Bc6 29. dxc6+ {[%mdl 64] Discovered Attack} Kc8 30. Qg8+ Qd8 31. Rxd8#) 28... Kc7 29. Nxb7 Kxb7 30. Qe6 Rc8 31. Qxd6 exd6 {[%mdl 4096] Endgame KRB-KR} 32. b3 Re8 33. Rh1 Rf8 34. Rh7+ Kb6 35. Rd7 Kc5 36. Rc7+ Kd4 37. Kb2 Rxf3 38. Ra7 Ke5 39. Rxa5 {White mates.} Kd4 40. Rb5 Rf2 41. Rxb4 Kc5 42. Rb5+ Kd4 43. Rb6 Rf4 44. Rxd6 Rf5 45. Rc6 Rf3 46. d6 Ke5 47. d7 Rd3 48. Rc5+ {Accuracy: White = 75%, Black = 24%.} 1-0

[Event "Stay Safe Play From Home 176"]
[Site "T#646357Emanuel Laske"]
[Date "2020.05.26"]
[Round "2"]
[White "Lazieri3"]
[Black "matanant"]
[Result "0-1"]
[WhiteElo "2056"]
[BlackElo "1686"]
[Annotator "NA RC"]
[PlyCount "68"]
[EventDate "2020.05.26"]
[EventType "swiss (blitz)"]

1. e4 {[%emt 0:00:02]} e5 {[%emt 0:00:02]} 2. Nc3 {[%emt 0:00:00]} d5 {[%emt 0:00:01]} 3. Nf3 {[%emt 0:00:00]} d4 {[%emt 0:00:01]} 4. Ne2 {[%emt 0:00:01]} Bd6 {[%emt 0:00:00]} 5. d3 {[%emt 0:00:00]} Ne7 {[%emt 0:00:02]} 6. g3 {[%emt 0:00:00]} O-O {[%emt 0:00:01]} 7. Bg2 {[%emt 0:00:00]} Bg4 {[%emt 0:00:01]} 8. O-O {[%emt 0:00:00]} Qc8 {[%emt 0:00:01]} 9. c4 {[%emt 0:00:03]} Bh3 {[%emt 0:00:01]} 10. Bxh3 {[%emt 0:00:02]} Qxh3 {[%emt 0:00:02]} 11. Ng5 {[%emt 0:00:00]} Qh5 {[%emt 0:00:03]} 12. f4 {[%emt 0:00:04]} f5 {[%emt 0:00:01]} 13. fxe5 {[%emt 0:00:03]} Bxe5 {[%emt 0:00:02]} 14. Ne6 {[%emt 0:00:03]} Rf6 {[%emt 0:00:02]} 15. N6xd4 {[%emt 0:00:01]} Nbc6 {[%emt 0:00:03]} 16. Nxf5 {[%emt 0:00:03]} Nxf5 {[%emt 0:00:01]} 17. Rxf5 {[%emt 0:00:02]} Rxf5 {[%emt 0:00:01]} 18. exf5 {[%emt 0:00:00]} Qxf5 {[%emt 0:00:01]} 19. Bf4 {[%emt 0:00:01]} Bd4+ {[%emt 0:00:02]} 20. Nxd4 {[%emt 0:00:01]} Nxd4 {[%emt 0:00:01]} 21. Qf1 {[%emt 0:00:06]} Rf8 {[%emt 0:00:00]} 22. Re1 {[%emt 0:00:02]} Qg4 {[%emt 0:00:01]} 23. Qf2 {[%emt 0:00:03]} Nf3+ {[%emt 0:00:02]} 24. Kg2 {[%emt 0:00:01]} Nxe1+ {[%emt 0:00:01]} 25. Qxe1 {[%emt 0:00:00]} Rxf4 {[%emt 0:00:01]} 26. Qe3 {[%emt 0:00:08]} Rf8 {[%emt 0:00:02]} 27. h3 {[%emt 0:00:02]} Qg6 {[%emt 0:00:02]} 28. h4 {[%emt 0:00:01]} Re8 {[%emt 0:00:00]} 29. Qf3 {[%emt 0:00:04]} Qe6 {[%emt 0:00:02]} 30. Qxb7 {[%emt 0:00:02]} Qe2+ {[%emt 0:00:01]} 31. Kh3 {[%emt 0:00:00]} Qe6+ {[%emt 0:00:01]} 32. Kg2 {[%emt 0:00:02]} Qg4 {[%emt 0:00:01]} 33. Qd5+ {[%emt 0:00:01]} Kh8 {[%emt 0:00:02]} 34. Qf3 {[%emt 0:00:03]} Re2+ {[%emt 0:00:00] Time (Lag: Av=0.64s, max=1.1s)} 0-1

[Event "Stay Safe Play From Home 176"]
[Site "T#646357Emanuel Laske"]
[Date "2020.05.26"]
[Round "2"]
[White "Mest"]
[Black "Eidgenosse"]
[Result "0-1"]
[WhiteElo "1689"]
[BlackElo "2411"]
[Annotator "RC"]
[PlyCount "94"]
[EventDate "2020.05.26"]
[EventType "swiss (blitz)"]

1. e4 {[%emt 0:00:01]} d6 {[%emt 0:00:01]} 2. Nc3 {[%emt 0:00:00]} Nf6 {[%emt 0:00:01]} 3. f4 {[%emt 0:00:00]} c5 {[%emt 0:00:00]} 4. Nf3 {[%emt 0:00:00]} Bg4 {[%emt 0:00:01]} 5. Bb5+ {[%emt 0:00:01]} Nbd7 {[%emt 0:00:01]} 6. Bxd7+ {[%emt 0:00:01]} Bxd7 {[%emt 0:00:01]} 7. O-O {[%emt 0:00:00]} g6 {[%emt 0:00:01]} 8. d3 {[%emt 0:00:00]} Bg7 {[%emt 0:00:00]} 9. h3 {[%emt 0:00:00]} b5 {[%emt 0:00:01]} 10. Nh2 {[%emt 0:00:01]} b4 {[%emt 0:00:01]} 11. Ne2 {[%emt 0:00:00]} O-O {[%emt 0:00:02]} 12. Rb1 {[%emt 0:00:00]} Qa5 {[%emt 0:00:02]} 13. Be3 {[%emt 0:00:02]} Qxa2 {[%emt 0:00:01]} 14. b3 {[%emt 0:00:01]} Qa6 {[%emt 0:00:02]} 15. Ng3 {[%emt 0:00:01]} Ne8 {[%emt 0:00:02]} 16. f5 {[%emt 0:00:00]} Nc7 {[%emt 0:00:02]} 17. Ng4 {[%emt 0:00:02]} Qc6 {[%emt 0:00:04]} 18. Qd2 {[%emt 0:00:01]} h5 {[%emt 0:00:04]} 19. Nh6+ {[%emt 0:00:02]} Kh7 {[%emt 0:00:00]} 20. Rf3 {[%emt 0:00:08]} d5 {[%emt 0:00:01]} 21. Ng4 {[%emt 0:00:04]} hxg4 {[%emt 0:00:03]} 22. hxg4 {[%emt 0:00:01]} Be5 {[%emt 0:00:06]} 23. Ne2 {[%emt 0:00:02]} Rh8 {[%emt 0:00:02]} 24. d4 {[%emt 0:00:05]} cxd4 {[%emt 0:00:01]} 25. Bxd4 {[%emt 0:00:01]} Qd6 {[%emt 0:00:05]} 26. fxg6+ {[%emt 0:00:03]} Kxg6 {[%emt 0:00:02]} 27. Nf4+ {[%emt 0:00:03]} Bxf4 {[%emt 0:00:00]} 28. Rxf4 {[%emt 0:00:02]} e5 {[%emt 0:00:01]} 29. Bxe5 {[%emt 0:00:02]} Qxe5 {[%emt 0:00:02]} 30. Rbf1 {[%emt 0:00:00]} Be6 {[%emt 0:00:01]} 31. Rf6+ {[%emt 0:00:01]} Qxf6 {[%emt 0:00:01]} 32. Rxf6+ {[%emt 0:00:01]} Kxf6 {[%emt 0:00:00]} 33. Qd4+ {[%emt 0:00:00]} Ke7 {[%emt 0:00:01]} 34. e5 {[%emt 0:00:01]} Kd7 {[%emt 0:00:01]} 35. Qc5 {[%emt 0:00:00]} Rad8 {[%emt 0:00:01]} 36. Qd6+ {[%emt 0:00:01]} Kc8 {[%emt 0:00:00]} 37. Qa6+ {[%emt 0:00:01]} Nxa6 {[%emt 0:00:01]} 38. c4 {[%emt 0:00:01]} Nc7 {[%emt 0:00:00]} 39. Kf2 {[%emt 0:00:01]} dxc4 {[%emt 0:00:00]} 40. bxc4 {[%emt 0:00:00]} b3 {[%emt 0:00:00]} 41. Ke2 {[%emt 0:00:01]} b2 {[%emt 0:00:00]} 42. c5 {[%emt 0:00:00]} b1=Q {[%emt 0:00:00]} 43. Kf3 {[%emt 0:00:00]} Qb5 {[%emt 0:00:00]} 44. Kf4 {[%emt 0:00:00]} Qxc5 {[%emt 0:00:00]} 45. Kg5 {[%emt 0:00:00]} a5 {[%emt 0:00:00]} 46. Kf6 {[%emt 0:00:00]} Nd5+ {[%emt 0:00:01]} 47. Kg7 {[%emt 0:00:01]} Qf8# {[%emt 0:00:01] (Lag: Av=0.48s, max=0.9s)} 0-1

[Event "Stay Safe Play From Home 176"]
[Site "T#646357Emanuel Laske"]
[Date "2020.05.26"]
[Round "2"]
[White "Trotsky"]
[Black "SoulofWolf"]
[Result "1-0"]
[WhiteElo "1569"]
[BlackElo "2212"]
[Annotator "TA"]
[PlyCount "39"]
[EventDate "2020.05.26"]
[EventType "swiss (blitz)"]

{[%evp 11,38,7,2,-26,35,-2,21,-27,-16,-152,-53,-188,-27,-169,114,118,77,-262,-31,-210,51,50,241,-122,-81,-94,541,540,29999]} 1. d4 e6 2. e3 Nf6 3. c4 c5 4. Nc3 d5 5. Nf3 Be7 6. a3 O-O 7. Bd3 {D37: Queen's Gambit Declined: 5 Bf4.} a5 (7... dxc4 $11 8. Bxc4 a6) 8. Qc2 b6 {[#]} 9. Ng5 $146 {[%cal Rd3h7] The position is equal.} ({Predecessor:} 9. cxd5 exd5 10. h3 Nc6 11. dxc5 bxc5 12. b3 Re8 13. O-O d4 14. Na4 Qd6 15. Rd1 {1-0 (43) Bodorkos,F-Holczbauer,F (1706) Hungary 2014}) 9... h6 10. h4 (10. Nf3 $11) 10... Bb7 (10... dxc4 $1 $17 11. Bh7+ Kh8) 11. Bd2 (11. cxd5 $1 $15 exd5 12. Nf3) 11... Nbd7 $2 (11... cxd4 $19 12. exd4 dxc4 13. Bxc4 Qxd4) 12. O-O-O (12. Bh7+ $11 Kh8 13. cxd5 exd5 14. Bf5) 12... e5 $2 (12... dxc4 $19 13. Bxc4 cxd4 14. exd4 Rc8) 13. Bh7+ Kh8 14. f3 $2 {[%mdl 8192]} (14. dxe5 $1 $16 Nxe5 15. Nxd5 Bxd5 16. cxd5) 14... e4 $2 (14... dxc4 15. d5 $1 $17 {[%mdl 512]}) (14... exd4 15. Nxd5 Nxd5 16. cxd5 $19) (14... cxd4 $19 15. exd4 exd4) 15. fxe4 $2 ({Only move:} 15. Bf5 $15) 15... dxe4 $2 ({Don't play} 15... hxg5 16. Bf5 $17) ({Worse is} 15... dxc4 16. e5 $16) (15... Nxh7 $19 16. Nxh7 Kxh7 17. exd5+ Kg8) 16. Bxe4 $14 Qc7 $2 (16... Nxe4 $14 17. Ngxe4 cxd4 18. exd4 f5) 17. Bg6 $2 (17. Bxb7 $18 Qxb7 {[#]} 18. Nd5 $1 {[%mdl 512]}) 17... fxg6 $17 18. Qxg6 {Strongly threatening Ne6!} Qd8 $2 {[%mdl 8192] [#]} ({Much weaker is} 18... hxg5 $6 19. hxg5+ Kg8 20. Rh4 $11) (18... Qc8 $17 {and life is bright. aiming for ...cxd4.} 19. Ne6 Ne8 20. Nxf8 Bxf8) 19. Ne6 $1 $18 {[%csl Ge6,LRd8,LRf8,LRg7][%cal Rg6g7][%mdl 576] Double Attack} Qe8 20. Qxg7# {Accuracy: White = 16%, Black = 10%.} 1-0

[Event "Stay Safe Play From Home 176"]
[Site "T#646357Emanuel Laske"]
[Date "2020.05.26"]
[Round "2"]
[White "UHU4"]
[Black "Fischer_11"]
[Result "0-1"]
[WhiteElo "1461"]
[BlackElo "1919"]
[Annotator "NA"]
[PlyCount "54"]
[EventDate "2020.05.26"]
[EventType "swiss (blitz)"]

1. e4 {[%emt 0:00:02]} Nf6 {[%emt 0:00:01]} 2. e5 {[%emt 0:00:01]} Nd5 {[%emt 0:00:01]} 3. Bc4 {[%emt 0:00:01]} Nb6 {[%emt 0:00:02]} 4. Bxf7+ {[%emt 0:00:01]} Kxf7 {[%emt 0:00:00]} 5. Nf3 {[%emt 0:00:01]} Kg8 {[%emt 0:00:01]} 6. O-O {[%emt 0:00:01]} d6 {[%emt 0:00:01]} 7. d4 {[%emt 0:00:03]} Nc6 {[%emt 0:00:01]} 8. c3 {[%emt 0:00:02]} dxe5 {[%emt 0:00:01]} 9. dxe5 {[%emt 0:00:03]} Qxd1 {[%emt 0:00:02]} 10. Rxd1 {[%emt 0:00:02]} Bg4 {[%emt 0:00:00]} 11. Bf4 {[%emt 0:00:08]} e6 {[%emt 0:00:02]} 12. Nbd2 {[%emt 0:00:02]} Rd8 {[%emt 0:00:02]} 13. h3 {[%emt 0:00:02]} Bh5 {[%emt 0:00:01]} 14. g4 {[%emt 0:00:02]} Bg6 {[%emt 0:00:01]} 15. Nb3 {[%emt 0:00:03]} Be7 {[%emt 0:00:01]} 16. Rxd8+ {[%emt 0:00:02]} Bxd8 {[%emt 0:00:02]} 17. Nfd4 {[%emt 0:00:02]} Be7 {[%emt 0:00:03]} 18. Nxe6 {[%emt 0:00:02]} Nd5 {[%emt 0:00:05]} 19. Bd2 {[%emt 0:00:03]} Kf7 {[%emt 0:00:00]} 20. Ned4 {[%emt 0:00:04]} Nxe5 {[%emt 0:00:02]} 21. f4 {[%emt 0:00:03]} Nc6 {[%emt 0:00:04]} 22. f5 {[%emt 0:00:02]} Bd6 {[%emt 0:00:02]} 23. fxg6+ {[%emt 0:00:02]} Kxg6 {[%emt 0:00:00]} 24. Nxc6 {[%emt 0:00:01]} bxc6 {[%emt 0:00:01]} 25. Nd4 {[%emt 0:00:01]} h5 {[%emt 0:00:01]} 26. g5 {[%emt 0:00:02]} Nf4 {[%emt 0:00:03]} 27. Bxf4 {[%emt 0:00:01]} Bxf4 {[%emt 0:00:00] Tiempo (Lag: Av=0.42s, max=0.5s)} 0-1